000 00969nam a22002891i 4500
001 12479
003 ES-MaACL
005 20230906150324.0
007 t|
008 900514s1981 sp ||||0| spa j
016 7 _zIBH8100909237
017 _aNA. 166-1981
020 _a84-235-0511-1
040 _aIBH
_bspa
_cM-BN-DP
080 _a355(465.1)"15"
080 _a946.51"15"
100 1 _aIdoate, Florencio.
_965049
245 1 0 _aEsfuerzo bélico de Navarra en el siglo XVI /
_cFlorencio Idoate.
260 _aPamplona :
_bDiputación Foral de Navarra,
_c1981.
300 _a447 p., 28 p. con lám., 2 h. con lám ;
_c24 cm.
500 _aIndice.
504 _aBibliografía: p. 419-425.
651 4 _aNavarra (Comunidad Autónoma)-
_xHistoria militar-
_yS.XVI.
_99109
651 4 _aNavarra (Comunidad Autónoma)-
_xHistoria-
_yS.XVI.
_99107
710 1 _aNavarra (Comunidad Autónoma).
_bDiputación Foral.
_95984
852 _aES-MaACL
_jL-19712
_bR.119328
999 _c12479
_d12479